[Event "LIB-chT"]
[Site "Beirut"]
[Date "2025.01.11"]
[Round "3.2"]
[White "Ibrahim, Issam"]
[Black "Kassis, Antoine"]
[Result "1/2-1/2"]
[WhiteElo "1708"]
[BlackElo "2095"]
[PlyCount "78"]
[EventDate "2025.01.09"]
[EventType "team-tourn"]
[EventRounds "9"]
[EventCountry "LBN"]
[SourceTitle "CB12_2025"]
[SourceDate "2025.03.19"]
[SourceVersion "1"]
[SourceVersionDate "2025.03.19"]
[SourceQuality "1"]
[WhiteTeam "Al Wifak"]
[BlackTeam "Antranik Antelias"]
[WhiteTeamCountry "LBN"]
[BlackTeamCountry "LBN"]

1. Nf3 c5 2. g3 Nc6 3. Bg2 g6 4. 0-0 Bg7 5. c4 d6 6. Nc3 e5 7. d3 Nge7 8. Ne1 0-0 9. Nc2 Be6 10. Ne3 a6 11. a4 Rb8 12. Ned5 Nb4 13. Nxe7+ Qxe7 14. a5 Rfd8 15. Be3 h6 16. h3 f5 17. Qd2 Kh7 18. f4 exf4 19. Bxf4 g5 20. Be3 Be5 21. Bf2 d5 22. cxd5 Nxd5 23. Nxd5 Bxd5 24. Qc2 Be6 25. g4 Qd7 26. Qxc5 Bd6 27. Qb6 fxg4 28. Be4+ Kg8 29. hxg4 Bxg4 30. e3 Bh3 31. Bd5+ Be6 32. Be4 Bc7 33. Qb4 Bh3 34. Qc4+ Be6 35. Qb4 Rf8 36. Be1 Rxf1+ 37. Kxf1 Bd6 38. Qd4 Be7 39. Qxd7 Bxd7 1/2-1/2

[Event "Olympiad-45"]
[Site "Budapest"]
[Date "2024.09.22"]
[Round "11.4"]
[White "Kassis, Antoine"]
[Black "Fitzsimons, David"]
[Result "0-1"]
[WhiteElo "2085"]
[BlackElo "2315"]
[PlyCount "80"]
[EventDate "2024.09.11"]
[EventType "team-swiss"]
[EventRounds "11"]
[EventCountry "HUN"]
[SourceTitle "EXT 2025"]
[Source "ChessBase"]
[SourceDate "2024.10.14"]
[SourceVersion "1"]
[SourceVersionDate "2024.10.14"]
[SourceQuality "1"]
[WhiteTeam "Lebanon"]
[BlackTeam "Ireland"]
[WhiteTeamCountry "LBN"]
[BlackTeamCountry "IRL"]

1. e4 e6 2. d4 d5 3. Nc3 Nf6 4. Bg5 h6 5. Bxf6 Qxf6 6. Nf3 Bb4 7. e5 Qd8 8. a3 Bxc3+ 9. bxc3 c5 10. Be2 Qa5 11. Qd2 Nc6 12. c4 dxc4 13. Qxa5 Nxa5 14. dxc5 Ke7 15. Nd2 Rd8 16. Nxc4 Nxc4 17. Bxc4 Rd4 18. Bd3 Rd5 19. f4 Rxc5 20. Kd2 Bd7 21. Rhb1 Bc6 22. g3 Rd8 23. Rb4 b6 24. Ke3 g5 25. Rc4 Rxc4 26. Bxc4 Rg8 27. Rd1 gxf4+ 28. gxf4 Rg2 29. Rd2 Rg1 30. Rd6 Bd7 31. Rd2 Ra1 32. Rd3 b5 33. Bb3 Rxa3 34. Kd2 a5 35. Kc1 Ra1+ 36. Kb2 Rf1 37. Rh3 Rxf4 38. Rxh6 Rf5 39. Rh8 Rxe5 40. h4 Kf6 0-1

[Event "Olympiad-45"]
[Site "Budapest"]
[Date "2024.09.14"]
[Round "4.54"]
[White "Kassis, Antoine"]
[Black "Arnold, Smith"]
[Result "1/2-1/2"]
[WhiteElo "2085"]
[BlackElo "1915"]
[PlyCount "99"]
[EventDate "2024.09.11"]
[EventType "team-swiss"]
[EventRounds "11"]
[EventCountry "HUN"]
[SourceTitle "EXT 2025"]
[Source "ChessBase"]
[SourceDate "2024.10.14"]
[SourceVersion "1"]
[SourceVersionDate "2024.10.14"]
[SourceQuality "1"]
[WhiteTeam "Lebanon"]
[BlackTeam "Liberia"]
[WhiteTeamCountry "LBN"]
[BlackTeamCountry "LBR"]

1. e4 e5 2. Nf3 Nc6 3. d4 exd4 4. Nxd4 Nf6 5. Nxc6 bxc6 6. e5 Nd5 7. c4 Nb6 8. Bd3 Bb4+ 9. Bd2 Bxd2+ 10. Nxd2 0-0 11. Qc2 h6 12. 0-0 d6 13. Rae1 Nd7 14. Nf3 Nc5 15. Bh7+ Kh8 16. b4 Ne6 17. Be4 d5 18. Rd1 Bb7 19. b5 Qc8 20. cxd5 cxd5 21. Bf5 Qd7 22. Qb2 Qe7 23. Bxe6 Qxe6 24. Rfe1 Rae8 25. Nd4 Qb6 26. Qc3 a6 27. Rb1 Bc8 28. a4 axb5 29. Rxb5 Qa6 30. Ra5 Qg6 31. f4 Bf5 32. Nxf5 Qxf5 33. g3 Qd7 34. Ra7 Rc8 35. Rc1 d4 36. Qd3 Rfd8 37. Rc4 Qd5 38. Raxc7 Rxc7 39. Rxc7 Rb8 40. Rc4 Rb1+ 41. Qxb1 Qxc4 42. Kf2 Qxa4 43. Qe4 Qa2+ 44. Kf3 Qb3+ 45. Ke2 Qb2+ 46. Kf3 Qc3+ 47. Ke2 Qb2+ 48. Kf3 Qa1 49. Kf2 Qb2+ 50. Kf3 1/2-1/2

[Event "Olympiad-45"]
[Site "Budapest"]
[Date "2024.09.12"]
[Round "2.50"]
[White "Kassis, Antoine"]
[Black "Frempong, Smart Daniel"]
[Result "1-0"]
[WhiteElo "2085"]
[BlackElo "1863"]
[PlyCount "100"]
[EventDate "2024.09.11"]
[EventType "team-swiss"]
[EventRounds "11"]
[EventCountry "HUN"]
[SourceTitle "EXT 2025"]
[Source "ChessBase"]
[SourceDate "2024.10.14"]
[SourceVersion "1"]
[SourceVersionDate "2024.10.14"]
[SourceQuality "1"]
[WhiteTeam "Lebanon"]
[BlackTeam "Ghana"]
[WhiteTeamCountry "LBN"]
[BlackTeamCountry "GHA"]

1. e4 e5 2. Nf3 Nf6 3. d4 Nxe4 4. dxe5 d5 5. Nbd2 Be7 6. Bd3 Nc5 7. Be2 Bf5 8. 0-0 0-0 9. Nd4 Bd7 10. f4 Ne6 11. N2f3 Nxd4 12. Nxd4 c5 13. Nb3 Bf5 14. Bf3 c4 15. Nd4 Bc5 16. Kh1 Be4 17. Bxe4 dxe4 18. Nf5 g6 19. Ng3 f5 20. exf6 Qxd1 21. Rxd1 Re8 22. Re1 e3 23. Nf1 Bd4 24. c3 Bxf6 25. Bxe3 Nc6 26. Rad1 Rad8 27. Kg1 b5 28. a3 a5 29. Bb6 Rxe1 30. Rxe1 Rd6 31. Ng3 Kf7 32. Ne4 Re6 33. Bc5 Kg7 34. Kf2 Be7 35. Bxe7 Rxe7 36. Nd6 Rd7 37. Nxb5 Rb7 38. a4 Ne7 39. Re4 Nd5 40. Rxc4 Re7 41. Rd4 Nf6 42. h3 Ne4+ 43. Kf3 Nc5 44. Nd6 Re1 45. Ne4 Ne6 46. Rd7+ Kh6 47. Re7 Nf8 48. g4 Rf1+ 49. Kg3 Rg1+ 50. Kf2 Rb1 1-0

[Event "LBN-ch"]
[Site "Beirut"]
[Date "2023.10.31"]
[Round "2"]
[White "Kassis, Antoine"]
[Black "Abdel Malek, Khalil Amir"]
[Result "1/2-1/2"]
[WhiteElo "2148"]
[BlackElo "1559"]
[PlyCount "40"]
[EventDate "2023.10.30"]
[EventType "swiss"]
[EventRounds "9"]
[EventCountry "LBN"]
[SourceTitle "CBM 217 Extra"]
[Source "ChessBase"]
[SourceDate "2024.01.31"]
[SourceVersion "1"]
[SourceVersionDate "2024.01.31"]
[SourceQuality "1"]

1. e4 c5 2. Nc3 g6 3. d4 cxd4 4. Qxd4 Nf6 5. e5 Nc6 6. Qf4 Nh5 7. Qe4 Bg7 8. Nf3 d6 9. exd6 Qxd6 10. Bd2 Bf5 11. Qa4 Bd7 12. Bb5 a6 13. 0-0-0 0-0 14. Bxc6 Bxc6 15. Qh4 Bxf3 16. gxf3 Qc7 17. Be1 Bh6+ 18. Bd2 Bg7 19. Be1 Bh6+ 20. Bd2 Bg7 1/2-1/2

[Event "Beirut op 11th"]
[Site "Beirut"]
[Date "2022.11.16"]
[Round "6"]
[White "Kassis, Antoine"]
[Black "Karam, Youssef Mark"]
[Result "1/2-1/2"]
[WhiteElo "2163"]
[BlackElo "1544"]
[PlyCount "65"]
[EventDate "2022.11.12"]
[EventType "swiss"]
[EventRounds "9"]
[EventCountry "LBN"]
[SourceTitle "CBM 211 Extra"]
[Source "ChessBase"]
[SourceDate "2023.01.31"]
[SourceVersion "1"]
[SourceVersionDate "2023.01.31"]
[SourceQuality "1"]

1. e4 c5 2. Nc3 Nc6 3. Bb5 e6 4. Bxc6 bxc6 5. d3 d5 6. f4 a5 7. Nf3 h5 8. 0-0 Nf6 9. Qe1 Be7 10. e5 Ng4 11. Na4 Ba6 12. h3 Bb5 13. hxg4 Bxa4 14. b3 hxg4 15. Nh2 Bb5 16. c4 Ba6 17. Nxg4 Rh5 18. Qe2 g6 19. Be3 Kf8 20. Qf2 d4 21. Bd2 Kg7 22. g3 Qh8 23. Kg2 Qh7 24. Rh1 Rh8 25. Qf1 g5 26. Rxh5 Qxh5 27. Qf3 gxf4 28. Bxf4 Bc8 29. Rf1 Bd7 30. Kf2 Qg6 31. Ke2 Be8 32. Nf2 f5 33. Rh1 1/2-1/2

[Event "Beirut op 11th"]
[Site "Beirut"]
[Date "2022.11.14"]
[Round "4"]
[White "Kassis, Antoine"]
[Black "Mirzoev, Azer"]
[Result "0-1"]
[WhiteElo "2163"]
[BlackElo "2462"]
[PlyCount "78"]
[EventDate "2022.11.12"]
[EventType "swiss"]
[EventRounds "9"]
[EventCountry "LBN"]
[SourceTitle "CBM 211 Extra"]
[Source "ChessBase"]
[SourceDate "2023.01.31"]
[SourceVersion "1"]
[SourceVersionDate "2023.01.31"]
[SourceQuality "1"]

1. e4 Nf6 2. Nc3 d5 3. exd5 Nxd5 4. d4 Nxc3 5. bxc3 e6 6. Nf3 Be7 7. g3 b6 8. Bg2 Bb7 9. 0-0 0-0 10. Re1 Nd7 11. c4 Bf6 12. c3 c5 13. Bf4 Qc8 14. Rc1 Rd8 15. Qe2 Nf8 16. Red1 Ng6 17. Be3 h6 18. h4 Qc7 19. h5 Ne7 20. Bf4 Qc6 21. Ne1 Qc8 22. Be5 Bxe5 23. Qxe5 Bxg2 24. Nxg2 Nf5 25. d5 exd5 26. cxd5 Nd6 27. Ne3 Qd7 28. Qf4 Re8 29. Nc4 Nxc4 30. Qxc4 Re5 31. d6 Rd8 32. Qa6 Rxh5 33. Qe2 Qh3 34. Qf3 Qh2+ 35. Kf1 g6 36. g4 Qh1+ 37. Qxh1 Rxh1+ 38. Ke2 Rxd1 39. Rxd1 Kg7 0-1

[Event "Olympiad-44"]
[Site "Chennai"]
[Date "2022.08.09"]
[Round "11.4"]
[White "Kassis, Antoine"]
[Black "Rodriguez Guevara, Celia M"]
[Result "1-0"]
[WhiteElo "2202"]
[BlackElo "1859"]
[PlyCount "63"]
[EventDate "2022.07.29"]
[EventType "team-swiss"]
[EventRounds "11"]
[EventCountry "IND"]
[SourceTitle "CBM 210"]
[Source "ChessBase"]
[SourceDate "2022.10.31"]
[SourceVersion "1"]
[SourceVersionDate "2022.10.31"]
[SourceQuality "1"]
[WhiteTeam "Lebanon"]
[BlackTeam "Kap Verde"]
[WhiteTeamCountry "LBN"]
[BlackTeamCountry "KAP"]

1. e4 d5 2. Nc3 c6 3. d4 dxe4 4. Nxe4 Bf5 5. Ng3 Bg6 6. h4 h6 7. Nf3 Nf6 8. h5 Bh7 9. Bd3 Bxd3 10. Qxd3 e6 11. Bd2 Be7 12. 0-0-0 0-0 13. Ne4 Nxe4 14. Qxe4 Qd5 15. Qg4 Kh8 16. Kb1 Nd7 17. Qh3 Nf6 18. Be3 Ne4 19. Ne5 Ng5 20. Qg3 Bf6 21. f4 Ne4 22. Qe1 Kg8 23. c4 Qd8 24. g4 Be7 25. Bc1 Nd6 26. Qe3 Qc8 27. c5 Ne8 28. g5 f5 29. gxh6 gxh6 30. Rhg1+ Kh8 31. Qg3 Kh7 32. Nf7 1-0

[Event "Olympiad-44"]
[Site "Chennai"]
[Date "2022.08.03"]
[Round "6.3"]
[White "Shishkov, Andrei"]
[Black "Kassis, Antoine"]
[Result "1-0"]
[WhiteElo "2366"]
[BlackElo "2202"]
[PlyCount "113"]
[EventDate "2022.07.29"]
[EventType "team-swiss"]
[EventRounds "11"]
[EventCountry "IND"]
[SourceTitle "CBM 210"]
[Source "ChessBase"]
[SourceDate "2022.10.31"]
[SourceVersion "1"]
[SourceVersionDate "2022.10.31"]
[SourceQuality "1"]
[WhiteTeam "Estonia"]
[BlackTeam "Lebanon"]
[WhiteTeamCountry "EST"]
[BlackTeamCountry "LBN"]

1. d4 Nf6 2. c4 g6 3. Nc3 Bg7 4. e4 d6 5. f3 0-0 6. Be3 c5 7. Nge2 cxd4 8. Nxd4 Nc6 9. Be2 Nxd4 10. Bxd4 Be6 11. 0-0 Nd7 12. f4 Bxd4+ 13. Qxd4 Qb6 14. Qxb6 Nxb6 15. b3 f6 16. Bf3 Bd7 17. e5 Bc6 18. exd6 exd6 19. Rad1 Rad8 20. Rd3 Rd7 21. Rfd1 Bxf3 22. Rxf3 Rfd8 23. Rfd3 Kf7 24. a4 a5 25. Nd5 Nc8 26. f5 gxf5 27. Rh3 Kg7 28. Rdd3 Rf7 29. Rde3 Rdd7 30. Re8 Ne7 31. Nf4 h6 32. Ne6+ Kh7 33. Nf8+ Rxf8 34. Rxf8 Kg7 35. Ra8 Nc6 36. Rg3+ Kf7 37. Rh8 Ke6 38. Rxh6 Ne5 39. Rg8 d5 40. Rf8 Ng4 41. Rh3 dxc4 42. Re8+ Kd5 43. Re1 Kc5 44. Rc1 Ne5 45. bxc4 Kb4 46. Rb1+ Kxa4 47. Rhb3 Nxc4 48. Rxb7 Rd4 49. Ra1+ Na3 50. Rb2 Rb4 51. Rba2 Rb3 52. h4 Kb4 53. Rxa3 Rxa3 54. Rxa3 Kxa3 55. h5 Kb2 56. h6 a4 57. h7 1-0

[Event "Olympiad-44"]
[Site "Chennai"]
[Date "2022.07.31"]
[Round "3.3"]
[White "Urazayev, Arystanbek"]
[Black "Kassis, Antoine"]
[Result "1-0"]
[WhiteElo "2430"]
[BlackElo "2202"]
[PlyCount "125"]
[EventDate "2022.07.29"]
[EventType "team-swiss"]
[EventRounds "11"]
[EventCountry "IND"]
[SourceTitle "CBM 210"]
[Source "ChessBase"]
[SourceDate "2022.10.31"]
[SourceVersion "1"]
[SourceVersionDate "2022.10.31"]
[SourceQuality "1"]
[WhiteTeam "Kazakhstan"]
[BlackTeam "Lebanon"]
[WhiteTeamCountry "KAZ"]
[BlackTeamCountry "LBN"]

1. e4 c5 2. Nf3 g6 3. c3 Bg7 4. d4 cxd4 5. cxd4 d5 6. e5 Nc6 7. h3 f6 8. Bb5 Nh6 9. 0-0 0-0 10. exf6 exf6 11. Re1 Qd6 12. b3 Rd8 13. Ba3 Qc7 14. Nc3 Qa5 15. Bb2 a6 16. Bxc6 bxc6 17. Na4 Bd7 18. Nc5 Qc7 19. Rc1 Re8 20. Rxe8+ Bxe8 21. Qe2 a5 22. Re1 Bf7 23. Bc1 Nf5 24. g4 Re8 25. Qf1 Nd6 26. Bf4 Qd8 27. Qa6 Rxe1+ 28. Nxe1 Qe8 29. Bxd6 Qxe1+ 30. Kg2 f5 31. Qc8+ Qe8 32. Qxe8+ Bxe8 33. Be5 fxg4 34. hxg4 Bf8 35. Nb7 Bb4 36. Bc7 a4 37. bxa4 Bd7 38. Kf3 Bc8 39. Nd8 c5 40. Bd6 Bd7 41. Bxc5 Bc3 42. Bb6 Bxa4 43. Ne6 Bd2 44. Ke2 Bb4 45. Nf4 Bc6 46. Bc7 Ba3 47. Kf3 Kf7 48. Bb6 Bd6 49. Nd3 Bb5 50. Ke3 h5 51. gxh5 gxh5 52. Bd8 Ke6 53. Nf4+ Bxf4+ 54. Kxf4 Ba4 55. Kg5 Bd1 56. f4 Kd7 57. Ba5 Ke6 58. f5+ Kf7 59. Be1 Kg7 60. Bh4 Kf7 61. Kf4 Bc2 62. Ke5 Kg7 63. f6+ 1-0

[Event "Aley Hariri Rapid Cup"]
[Site "Aley"]
[Date "2021.03.21"]
[Round "9"]
[White "Kassis, Antoine"]
[Black "El Jawich, Amro"]
[Result "1/2-1/2"]
[WhiteElo "2209"]
[BlackElo "2324"]
[PlyCount "28"]
[EventDate "2021.03.20"]
[EventType "tourn (rapid)"]
[EventRounds "11"]
[EventCountry "LBN"]
[SourceTitle "EXT 2022"]
[Source "ChessBase"]
[SourceDate "2021.10.06"]
[SourceVersion "1"]
[SourceVersionDate "2021.10.06"]
[SourceQuality "1"]

1. e4 c5 2. Nf3 Nf6 3. e5 Nd5 4. Nc3 e6 5. Nxd5 exd5 6. d4 Nc6 7. Bf4 d6 8. exd6 Bxd6 9. Bxd6 Qxd6 10. dxc5 Qxc5 11. Qd2 0-0 12. 0-0-0 Bf5 13. Bd3 Bxd3 14. Qxd3 Nb4 1/2-1/2

[Event "Beirut op 9th"]
[Site "Beirut"]
[Date "2017.10.07"]
[Round "9"]
[White "Tsatsalashvili, Ketevan"]
[Black "Kassis, Antoine"]
[Result "1/2-1/2"]
[WhiteElo "2264"]
[BlackElo "2130"]
[PlyCount "54"]
[EventDate "2017.09.30"]
[EventType "swiss"]
[EventRounds "9"]
[EventCountry "LBN"]
[SourceTitle "CBM 181 Extra"]
[Source "ChessBase"]
[SourceDate "2017.12.12"]
[SourceVersion "1"]
[SourceVersionDate "2017.12.12"]
[SourceQuality "1"]

1. d4 Nf6 2. c4 g6 3. Nc3 Bg7 4. e4 d6 5. Nf3 0-0 6. Be2 c5 7. d5 e6 8. 0-0 Re8 9. Nd2 Na6 10. f4 exd5 11. cxd5 Nc7 12. a4 b6 13. Bf3 Rb8 14. Re1 Ba6 15. Nb3 Nd7 16. Be3 Bc4 17. Qc2 Bxb3 18. Qxb3 a6 19. e5 dxe5 20. Ne4 exf4 21. Bxf4 Ne5 22. Bg5 Nxf3+ 23. Qxf3 Qxd5 24. Rad1 Qf5 25. Bf4 Ne6 26. Nd6 Qxf4 27. Qxf4 Nxf4 1/2-1/2

[Event "Beirut op 9th"]
[Site "Beirut"]
[Date "2017.10.01"]
[Round "3"]
[White "Adly, Ahmed"]
[Black "Kassis, Antoine"]
[Result "1/2-1/2"]
[WhiteElo "2625"]
[BlackElo "2130"]
[PlyCount "99"]
[EventDate "2017.09.30"]
[EventType "swiss"]
[EventRounds "9"]
[EventCountry "LBN"]
[SourceTitle "CBM 181 Extra"]
[Source "ChessBase"]
[SourceDate "2017.12.12"]
[SourceVersion "1"]
[SourceVersionDate "2017.12.12"]
[SourceQuality "1"]

1. d4 Nf6 2. Nf3 g6 3. Bg5 Bg7 4. Nbd2 d5 5. e3 0-0 6. Bd3 c5 7. c3 Nc6 8. dxc5 e5 9. e4 a5 10. Qe2 Be6 11. 0-0 h6 12. exd5 Bxd5 13. Bxf6 Qxf6 14. Be4 Qe6 15. Rfd1 Rfd8 16. Qb5 Bf8 17. h3 f5 18. Bxd5 Rxd5 19. Nf1 Rxc5 20. Qb6 Qf7 21. Qb3 Qxb3 22. axb3 Rb5 23. b4 Ra6 24. Nh4 Kf7 25. Rd7+ Be7 26. Rad1 Nb8 27. Rc7 Rc6 28. Rxc6 Nxc6 29. Nf3 axb4 30. c4 Rc5 31. b3 b5 32. Ne3 bxc4 33. Nxc4 e4 34. Nfd2 Rd5 35. Ra1 Bg5 36. Nf1 Nd4 37. Ra7+ Kg8 38. Ra6 Kg7 39. g3 Nxb3 40. Rb6 Nd2 41. Rb7+ Kg8 42. Rxb4 Nxc4 43. Rxc4 h5 44. Rc6 Kg7 45. Rc7+ Kf6 46. h4 Bh6 47. Rc6+ Kf7 48. Rc7+ Kf6 49. Rc6+ Kf7 50. Rc7+ 1/2-1/2

[Event "Beirut op 9th"]
[Site "Beirut"]
[Date "2017.10.01"]
[Round "2"]
[White "Kassis, Antoine"]
[Black "Fawaz, Kassem"]
[Result "1-0"]
[WhiteElo "2130"]
[BlackElo "1719"]
[PlyCount "101"]
[EventDate "2017.09.30"]
[EventType "swiss"]
[EventRounds "9"]
[EventCountry "LBN"]
[SourceTitle "CBM 181 Extra"]
[Source "ChessBase"]
[SourceDate "2017.12.12"]
[SourceVersion "1"]
[SourceVersionDate "2017.12.12"]
[SourceQuality "1"]

1. e4 e5 2. Nc3 Nf6 3. f4 Nc6 4. fxe5 Nxe5 5. d4 Nc6 6. e5 Ng8 7. Nf3 d6 8. Bc4 dxe5 9. 0-0 f5 10. Nxe5 Nxe5 11. Re1 Bd6 12. Bf4 Bd7 13. Bxe5 Bxe5 14. Rxe5+ Kf8 15. Qf3 c6 16. Rae1 Qf6 17. Qe3 g6 18. d5 Qd6 19. dxc6 bxc6 20. Rd1 Qc7 21. Qc5+ Kg7 22. Qd4 Qb6 23. Qxb6 axb6 24. Rxd7+ Kh6 25. Bxg8 Rhxg8 26. Ree7 Rh8 27. a3 Rae8 28. Kf2 Rxe7 29. Rxe7 Rd8 30. Ke2 b5 31. Re6 Rc8 32. Ke3 Kg5 33. Ne2 c5 34. Rb6 b4 35. axb4 cxb4 36. Nd4 f4+ 37. Kd3 Kg4 38. Rxb4 Rd8 39. c4 h5 40. c5 h4 41. Ke2 Re8+ 42. Kf2 h3 43. gxh3+ Kxh3 44. Nf3 Kg4 45. Rb6 Kh5 46. c6 g5 47. Rb5 Rc8 48. Rxg5+ Kh6 49. Rc5 Rb8 50. Rc2 Kh5 51. c7 1-0

[Event "LIB-ch 43rd"]
[Site "Beirut"]
[Date "2017.07.31"]
[Round "11"]
[White "Khairallah, Ralph"]
[Black "Kassis, Antoine"]
[Result "0-1"]
[WhiteElo "1762"]
[BlackElo "2137"]
[PlyCount "68"]
[EventDate "2017.07.18"]
[EventType "tourn"]
[EventRounds "11"]
[EventCountry "LBN"]
[SourceTitle "EXT 2018"]
[Source "ChessBase"]
[SourceDate "2017.10.13"]
[SourceVersion "1"]
[SourceVersionDate "2017.10.13"]
[SourceQuality "1"]

1. e4 c5 2. Nc3 a6 3. a4 Nc6 4. g3 d6 5. Bg2 g6 6. d3 Bg7 7. f4 Rb8 8. Nf3 b5 9. axb5 axb5 10. 0-0 Nf6 11. h3 0-0 12. g4 b4 13. Ne2 Bb7 14. Qe1 Nd7 15. f5 Nde5 16. Qh4 Nxf3+ 17. Bxf3 Nd4 18. Nxd4 Bxd4+ 19. Kh1 e6 20. Bg5 f6 21. Bh6 Re8 22. fxg6 hxg6 23. Ra2 Re7 24. g5 f5 25. Bg2 Ra8 26. Rfa1 Bxb2 27. Rxa8 Bxa8 28. Ra2 Bd4 29. Qe1 Bc6 30. Qe2 d5 31. h4 Qd6 32. Qe1 dxe4 33. dxe4 Qf4 34. Ra6 Be5 0-1

[Event "LIB-ch 43rd"]
[Site "Beirut"]
[Date "2017.07.21"]
[Round "4"]
[White "Najjar, Ahmad"]
[Black "Kassis, Antoine"]
[Result "1/2-1/2"]
[WhiteElo "2304"]
[BlackElo "2137"]
[PlyCount "164"]
[EventDate "2017.07.18"]
[EventType "tourn"]
[EventRounds "11"]
[EventCountry "LBN"]
[SourceTitle "EXT 2018"]
[Source "ChessBase"]
[SourceDate "2017.10.13"]
[SourceVersion "1"]
[SourceVersionDate "2017.10.13"]
[SourceQuality "1"]

1. e4 c5 2. Nc3 a6 3. Bc4 e6 4. d3 b5 5. Bb3 Nc6 6. Nf3 Qc7 7. a4 b4 8. Ne2 Nf6 9. 0-0 Be7 10. Bf4 d6 11. Qd2 0-0 12. h3 Rb8 13. Qe3 e5 14. Bg5 Be6 15. Nd2 Nd4 16. Rac1 h6 17. Bh4 Nh5 18. Bxe7 Qxe7 19. Bxe6 fxe6 20. g3 Nf4 21. Nxf4 exf4 22. gxf4 Rxf4 23. c3 bxc3 24. bxc3 Qg5+ 25. Kh1 Nc6 26. Rg1 Qf6 27. Rg2 Rf8 28. Rcg1 g5 29. e5 Qxe5 30. Ne4 R8f5 31. Ng3 Rf7 32. Qc1 Rxf2 33. Ne4 Rxg2 34. Rxg2 Rf4 35. Qg1 Kf8 36. Qb1 Rf3 37. Qb7 Rf1+ 38. Rg1 Rxg1+ 39. Kxg1 Ne7 40. Qb8+ Kg7 41. Qc7 Kf7 42. Qxd6 Qxd6 43. Nxd6+ Kg6 44. Ne4 c4 45. dxc4 a5 46. Kf2 Kf5 47. Ke3 Ke5 48. Nd2 h5 49. Nf3+ Kf5 50. Nd4+ Ke5 51. Nb3 Nc6 52. Kf3 Kd6 53. Ke4 g4 54. hxg4 hxg4 55. c5+ Kd7 56. Kf4 Ne7 57. c4 Nf5 58. Nxa5 g3 59. Kf3 e5 60. Nb3 e4+ 61. Kg2 Ne3+ 62. Kxg3 Nxc4 63. Nd4 e3 64. Kf3 Kc7 65. Ke2 Kb7 66. Kf3 Kc7 67. Ke4 Kb7 68. Kd5 Na5 69. Ne2 Kc7 70. Nd4 Nc6 71. Nb5+ Kd7 72. Nc3 Na5 73. Ne2 Kc7 74. Nd4 Nc6 75. Nc2 e2 76. Kc4 Kb7 77. Ne1 Ka6 78. Kd3 Ka5 79. Kxe2 Kxa4 80. Ke3 Kb4 81. Nd3+ Kb5 82. Ke4 Nb4 1/2-1/2

[Event "LIB-ch 42nd"]
[Site "Beirut"]
[Date "2016.12.02"]
[Round "8"]
[White "Khairallah, Faisal"]
[Black "Kassis, Antoine"]
[Result "1-0"]
[WhiteElo "2251"]
[BlackElo "2136"]
[PlyCount "119"]
[EventDate "2016.11.23"]
[EventType "tourn"]
[EventRounds "11"]
[EventCountry "LBN"]
[SourceTitle "CBM 175 Extra"]
[Source "ChessBase"]
[SourceDate "2016.12.12"]
[SourceVersion "1"]
[SourceVersionDate "2016.12.12"]
[SourceQuality "1"]

1. f4 c5 2. Nf3 Nc6 3. g3 g6 4. Bg2 Bg7 5. e4 d6 6. 0-0 Nf6 7. Nc3 0-0 8. h3 Rb8 9. a4 a6 10. d3 Nd4 11. Be3 Nd7 12. g4 b5 13. axb5 axb5 14. Rb1 b4 15. Ne2 Nxe2+ 16. Qxe2 Bb7 17. b3 e6 18. g5 Qc7 19. h4 f5 20. gxf6 Nxf6 21. Ng5 Rbe8 22. Bh3 Bc8 23. Qg2 h6 24. Nf3 Kh7 25. Kh1 Nh5 26. Rg1 Qf7 27. Rbf1 Rg8 28. Bg4 Nf6 29. Ne5 dxe5 30. fxe5 Qe7 31. exf6 Bxf6 32. Bxc5 Qxc5 33. Rxf6 Rg7 34. Rgf1 Ree7 35. Rf8 Rc7 36. R1f2 Qe5 37. Qf3 Qd6 38. Kg2 Qe7 39. Kg3 Qd6+ 40. Kh3 Qc5 41. Qf6 Rce7 42. Kh2 h5 43. Bh3 Bd7 44. Rg2 Be8 45. e5 Bf7 46. Rb8 Rd7 47. Re2 Ra7 48. Rg2 Ra5 49. Rb7 Ra7 50. Rxa7 Qxa7 51. Bxe6 Bxe6 52. Qxe6 Qd4 53. Qf6 Qe3 54. e6 Qb6 55. Qe5 Re7 56. Rxg6 Qf2+ 57. Rg2 Qxh4+ 58. Kg1 Qh3 59. Qe4+ Kh8 60. Qa8+ 1-0